Mathematical methods in chemical engineering (Record no. 25039)

000 -LEADER
fixed length control field 00548nam a22002051 4500
001 - CONTROL NUMBER
control field 25039
003 - CONTROL NUMBER IDENTIFIER
control field BD-DhUET
008 - FIXED-LENGTH DATA ELEMENTS--GENERAL INFORMATION
fixed length control field 730313s1963 xx 000 0 eng
040 ## - CATALOGING SOURCE
Original cataloging agency DLC
Transcribing agency OClU
Modifying agency BD-DhUET
082 ## - DEWEY DECIMAL CLASSIFICATION NUMBER
Classification number 660.28
Item number JEN/1963
100 ## - MAIN ENTRY--PERSONAL NAME
Personal name Jenson, V. G.
245 10 - TITLE STATEMENT
Title Mathematical methods in chemical engineering
250 ## - EDITION STATEMENT
Edition statement 1st ed.
260 ## - PUBLICATION, DISTRIBUTION, ETC. (IMPRINT)
Place of publication, distribution, etc. London
Name of publisher, distributor, etc. Academic Press
Date of publication, distribution, etc. 1963
300 ## - PHYSICAL DESCRIPTION
Extent xi, 556 p.
Other physical details illus.
Dimensions 24cm.
504 ## - BIBLIOGRAPHY, ETC. NOTE
Bibliography, etc Includes bibliographies
650 #0 - SUBJECT ADDED ENTRY--TOPICAL TERM
Topical term or geographic name as entry element Chemical engineering
700 ## - ADDED ENTRY--PERSONAL NAME
Personal name Jeffreys, G. V.
942 ## - ADDED ENTRY ELEMENTS (KOHA)
Koha item type General Book
Holdings
Koha item type Price effective from Damaged status Lost status Copy number Koha full call number Piece designation (barcode) Koha date last seen Not for loan Location (home branch) Sublocation or collection (holding branch) Source of classification or shelving scheme Withdrawn status Date acquired Koha normalized classification for sorting Shelving location
General Book2015-05-12  1660.28/JEN/1963224382015-05-12 Central Library, BUETCentral Library, BUET  2015-05-12660_280000000000000_JEN_1963Circulation section
General Book2015-05-12  2660.28/JEN/1963224402015-05-12 Central Library, BUETCentral Library, BUET  2015-05-12660_280000000000000_JEN_1963Circulation section
General Book2015-05-12  3660.28/JEN/1963224342015-05-12 Central Library, BUETCentral Library, BUET  2015-05-12660_280000000000000_JEN_1963Circulation section
General Book2015-05-18  4660.28/JEN/1963224322015-05-18 Central Library, BUETCentral Library, BUET  2015-05-18660_280000000000000_JEN_1963Circulation section
General Book2015-05-18  5660.28/JEN/1963224352015-05-18 Central Library, BUETCentral Library, BUET  2015-05-18660_280000000000000_JEN_1963Circulation section
General Book2015-05-18  6660.28/JEN/1963294502015-05-18 Central Library, BUETCentral Library, BUET  2015-05-18660_280000000000000_JEN_1963Circulation section
General Book2015-05-18  7660.28/JEN/1963294492015-05-18 Central Library, BUETCentral Library, BUET  2015-05-18660_280000000000000_JEN_1963Circulation section
General Book2015-05-18  8660.28/JEN/1963294482015-05-18 Central Library, BUETCentral Library, BUET  2015-05-18660_280000000000000_JEN_1963Circulation section
General Book2015-05-18  9660.28/JEN/1963294572015-05-18 Central Library, BUETCentral Library, BUET  2015-05-18660_280000000000000_JEN_1963Circulation section
General Book2015-05-18  10660.28/JEN/1963294542015-05-18 Central Library, BUETCentral Library, BUET  2015-05-18660_280000000000000_JEN_1963Circulation section
General Book2015-05-18  11660.28/JEN/1963294532015-05-18 Central Library, BUETCentral Library, BUET  2015-05-18660_280000000000000_JEN_1963Circulation section
General Book2015-05-18  12660.28/JEN/1963294512015-05-18 Central Library, BUETCentral Library, BUET  2015-05-18660_280000000000000_JEN_1963Circulation section
General Book2015-05-18  13660.28/JEN/1963224312015-05-18 Central Library, BUETCentral Library, BUET  2015-05-18660_280000000000000_JEN_1963Circulation section
General Book2015-05-18  14660.28/JEN/1963294522015-05-18 Central Library, BUETCentral Library, BUET  2015-05-18660_280000000000000_JEN_1963Circulation section
General Book2015-05-18  15660.28/JEN/1963224362015-05-18 Central Library, BUETCentral Library, BUET  2015-05-18660_280000000000000_JEN_1963Circulation section
Reading Item2015-06-17  16660.28/JEN/1963294562015-06-17 Central Library, BUETCentral Library, BUET  2015-06-17660_280000000000000_JEN_1963Reading section
Reading Item2015-06-18  17660.28/JEN/196329455.2015-06-18 Central Library, BUETCentral Library, BUET  2015-06-18660_280000000000000_JEN_1963Reading section
Reading Item2015-07-10  18660.28/JEN/1963224392015-07-10 Central Library, BUETCentral Library, BUET  2015-07-10660_280000000000000_JEN_1963Reading section